| 000 | 01197naa a22003377a 4500 | ||
|---|---|---|---|
| 001 | BR9301643 | ||
| 003 | BR-BrBNA | ||
| 005 | 20240918181016.0 | ||
| 007 | ta | ||
| 008 | 230509b bl.||||| |||| 00| 0 por d | ||
| 040 |
_aBR-BrBNA _bpor _cBiblioteca Nacional de Agricultura |
||
| 041 | _a(Pt) | ||
| 072 |
_aH20; F01 _b1440 |
||
| 090 | _aH20 BR9301643 | ||
| 100 | 1 | _aBuhr, K.L. | |
| 100 | 1 | _aSampaio, L.S. de V. | |
| 100 | 1 | _aCosta, J.M. da | |
| 100 | 1 | _aLins, E.R. de | |
| 100 | 1 | _aSaavedra, J.G.A. | |
| 100 | 1 | _aCarmo, G.F. do | |
| 100 | 1 | _aOliveira, L.E.M. de | |
| 245 | 1 | _aPesquisa e experimentacao com leguminosas de grao, com enfase em feijao caupi, Vigna unguiculata (L.)Walp. para a Bahia e regiao do nordeste com clima e solo semelhantes | |
| 260 | 3 |
_aCruz das Almas, BA (Brasil): _c1977. |
|
| 500 | _aInforme cientifico anual, no. 1 Cruz das Almas, BA (Brasil): 1977. p. 31-33 (BR9301643-AM)H20 | ||
| 650 | _aFeijao de Corda | ||
| 650 | _aVariedade Resistente | ||
| 650 | _aPratica Cultural | ||
| 773 | 0 |
_tInforme cientifico anual, no. 1 _wH20 BR9301643 _gCruz das Almas, BA (Brasil), 1977. p. 31-33 |
|
| 909 |
_a202404 _bLucia _c55 _dLucia Elande |
||
| 942 |
_cAM _2AGRIS |
||
| 999 |
_c323164 _d323164 |
||